[Event "Taxco Interzonal"]
[Site "Taxco"]
[Date "1985.??.??"]
[Round "14"]
[White "Romanishin, Oleg M"]
[Black "Qi Jingxuan"]
[Result "0-1"]
[WhiteElo "2570"]
[BlackElo "2440"]

1.d4 Nf6 2.c4 e6 3.Nf3 d5 4.Nc3 c6 5.Qd3 Be7 6.g3 b6 7.b3 Ba6 8.a4 Nbd7 9.Bg2 O-O
10.O-O Rc8 11.Rd1 Bb4 12.Bb2 Qe7 13.Qc2 Rfd8 14.Na2 Bd6 15.a5 bxa5 16.Bc3 a4
17.c5 axb3 18.Qxb3 Bb8 19.Qc2 Bb5 20.Nb4 Ne4 21.Be1 e5 22.e3 exd4 23.Nxd4 Ndxc5
24.Rdc1 Be5 25.Bxe4 Bxd4 26.Bxh7+ Kh8 27.exd4 Ne6 28.Bc3 c5 29.dxc5 d4 30.Be1 d3
31.Bxd3 Rxd3 32.Nxd3 Nd4 33.Qd1 Ne2+ 34.Kf1 Qe4 35.Ra3 Re8  0-1